000 00848nmc a2200313 a 4500
003 AR-BaBNM
005 20251128202900.0
008 027019s1957 ||||||||||||||000 | spa||
040 _cAR-BaBNM
100 1 _aPayró, Roberto J.
245 1 0 _aEl mar dulce
_bcrónica novelesca del descubrimiento del Río de la Plata
250 _a6ª ed.
260 _aBuenos Aires
_bLosada
_c1957
300 0 _a218 p.
490 0 _aBiblioteca contemporánea
600 1 4 _aDíaz de Solis, Juan
650 4 _aLITERATURA ARGENTINA
650 4 _aESCRITORES
650 4 _aNOVELAS
650 4 _aCOLONIZACION DEL RIO DE LA PLATA
650 4 _aDESCUBRIMIENTO DEL RIO DE LA PLATA
650 4 _aBIOGRAFIAS
653 _aNOVELA HISTORICA
653 _aCRONICAS
653 _aREYES CATOLICOS
655 _aLITERATURA
942 _cBK
998 _cMARTIN
999 _c1025
_d1025